000 00347nam a2200133Ia 4500
008 220204s9999 xx 000 0 und d
082 _a331=36(540)
_bMON
245 0 _aReadings in Indian labour and social welfare
260 _aDelhi
_bAtma Ram
_c1976
650 _aLabour wages
650 _aLabour welfare
700 _aMONGIA, J N
942 _cBK
999 _c28340
_d28340